AFC West Winners (1970-2001) - Statistics

General Stats
  • This quiz has been taken 47 times
  • The average score is 27 of 32
Answer Stats
Year AFC West Winner Record % Correct
2001 Oakland Raiders 10-6
100%
2000 Oakland Raiders 12-4
100%
1998 Denver Broncos 14-2
96%
1996 Denver Broncos 13-3
92%
1997 Kansas City Chiefs 13-3
92%
1987 Denver Broncos 10-4-1
88%
1986 Denver Broncos 11-5
88%
1984 Denver Broncos 13-3
88%
1995 Kansas City Chiefs 13-3
88%
1993 Kansas City Chiefs 11-5
88%
1994 San Diego Chargers 11-5
88%
1981 San Diego Chargers 10-6
88%
1980 San Diego Chargers 11-5
88%
1979 San Diego Chargers 12-4
88%
1991 Denver Broncos 12-4
83%
1989 Denver Broncos 11-5
83%
1978 Denver Broncos 10-6
83%
1977 Denver Broncos 12-2
83%
1971 Kansas City Chiefs 10-3-1
83%
1990 Los Angeles Raiders 12-4
83%
1985 Los Angeles Raiders 12-4
83%
1983 Los Angeles Raiders 12-4
83%
1982 Los Angeles Raiders 8-1
83%
1992 San Diego Chargers 11-5
83%
1976 Oakland Raiders 13-1
79%
1975 Oakland Raiders 11-3
79%
1974 Oakland Raiders 12-2
79%
1973 Oakland Raiders 9-4-1
79%
1972 Oakland Raiders 10-3-1
79%
1970 Oakland Raiders 8-4-2
79%
1999 Seattle Seahawks 9-7
75%
1988 Seattle Seahawks 9-7
71%
No matching quizzes found
Score Distribution
Percent of People with Each Score
Percentile by Number Answered
Your Score History
You have not taken this quiz